000 01034cab a2200229 4500
001 ABS38997
008 090401t1988 xxu||||| |||| 00| 0 eng d
035 _a(Sirsi) u13697
041 _aeng
100 _aEvans, D.
245 4 _aThe agreement for a lease; Head to head on details of draft agreement; Taking the tenant`s side of negotiation s
260 _c1988
350 _a0
490 _aEstates Times
_v(928) 22 January 1988, 4
520 _aA series of three articles considering the agreement for a lease , in the context of shopping centres . Examines the situation where the landlord, at his own cost is to build the shell of shop premises and the tenant is to fit out. The first article highlights the main areas with which both landlord and tenant should be concerned during negotiation and considers them in greater detail in the next two articles.
650 _aBUSINESS TENANCIES
650 _aDEVELOPMENT
650 _aRETAIL
690 _aPROPERTY-COMMERCIAL PROPERTY
942 _n0
948 _c04/03/1997
999 _c8817
_d8817